000 01286nam a22002297a 4500
003 OSt
005 20250624160423.0
008 250624s2023 ag ||||| |||| 00| f spa d
020 _a9789504974611
040 _cbesoc
100 1 0 _aKellen, Alice,
_d1989-
245 1 0 _aNosotros en la luna /
_cAlice Kellen
260 _aBuenos Aires :
_bPlaneta,
_c2023
300 _a477 p.
520 _aUna noche en París. Dos caminos entrelazándose. Cuando Rhys y Ginger se conocen en las calles de la Ciudad de la Luz, no imaginan que sus vidas se unirán para siempre, a pesar de la distancia y de que no pueden ser mas diferentes. Ella vive en Londres y a veces se siente tan perdida que se ha olvidado hasta de sus propios sueños. Él es incapaz de quedarse quieto en ningún lugar y cree saber quien es. Y cada noche su amistad crece entre e-mails llenos de confidencias, dudas e inquietudes. Pero ¿Qué ocurre cuando el paso del tiempo pone a prueba su relacion? ¿Es posible colgarse de la luna junto a otra persona sin poner el riesgo el corazón? Una historia sobre el amor, el destino y la búsqueda de uno mismo. [Nota del editor]
648 4 _aSiglo XXI
650 4 _aLiteratura
651 4 _aEspaña
653 _aColección juvenil
655 4 _aNovela
942 _2udc
_cOG
_n0
999 _c525
_d525